El círculo de la forma

Αποθηκεύτηκε σε:
Λεπτομέρειες βιβλιογραφικής εγγραφής
Κύριος συγγραφέας: Weizsacker, Viktor von (Συγγραφέας)
Μορφή: Βιβλίο
Γλώσσα:Ισπανικά
Έκδοση: Madrid Morata 1962
Θέματα:
Ετικέτες: Προσθήκη ετικέτας
Δεν υπάρχουν, Καταχωρήστε ετικέτα πρώτοι!

MARC

LEADER 00000nam a2200000 a 4500
001 UCY6081
003 CL-VaPUC
008 950521e19620000SP |||||||||||||||||spa|d
082 0 4 |a 150.1982  |b WEI  |2 21 
100 0 |a Weizsacker, Viktor von  |e author  |9 335696 
245 1 3 |a El círculo de la forma 
246 1 0 |a Gestaltkreis: teoría de la unidad de percepción y movimiento 
300 |a 279 p 
942 |c BK 
945 |d 19950521 00:00:00  |a mfernand 
260 |a Madrid  |b Morata  |c 1962 
650 7 |a PSICOLOGIA GESTALTICA  |2 CL-VaPUC  |9 306251 
650 7 |a ESCUELAS DE PSICOLOGIA  |2 CL-VaPUC  |9 334607 
650 0 |a Percepción   |9 266750 
650 7 |a PSICOLOGIA DE LOS PROCESOS SENSORIALES  |2 CL-VaPUC  |9 335697 
650 7 |a PSICOSOMATICA  |2 CL-VaPUC  |9 335698 
650 7 |a PSICOTERAPIA  |2 CL-VaPUC  |9 335699 
583 |a last modification  |c 19950521 00:00:00  |k Rodrigo Vera 
999 |c 233664  |d 233662 
952 |0 0  |1 0  |4 0  |6 150_198200000000000_WEI_1962  |7 0  |8 P  |9 239332  |a BIBEDU  |b BIBEDU  |c BIBEDU_PB  |d 2019-11-18  |i 1505807  |o 150.1982 WEI 1962  |p 1505807  |r 2024-01-25  |w 2019-11-18  |y BK  |k EDU